| 000 | 01544nam a2200253Ia 4500 | ||
|---|---|---|---|
| 999 |
_c39224 _d39224 |
||
| 001 | 5810 | ||
| 003 | GE_BSU | ||
| 005 | 20190621204126.0 | ||
| 008 | 181216s1987||||ge |||||||||||||| ||geo|| | ||
| 040 | _cGE_BSU | ||
| 041 | _ageo | ||
| 080 | _a621.3(072) მ-50 | ||
| 245 |
_aმეთოდური მითითებები ლაბორატორიული სამუშაოების ჩასატარებლად მაღალტემპერატურულ თბოტექნოლოგიურ პროცესებსა და დანადგარებში / _cშემდგ. : მ. ყიფშიძე, ნ. ქევხიშვილი, მ. ლოლაძე ; რედ. მ. ძიძიგური |
||
| 264 |
_aთბილისი : _bსპი, _c1987. |
||
| 300 |
_a45 გვ. : _bნახაზები ; _c20 სმ. |
||
| 504 | _aბიბლიოგრ. : გვ. 44. | ||
| 653 | _aმაღალტემპერატურული თბოტექნოლოგიური პროცესები | ||
| 653 | _a თბოტექნოლოგიური დანადგარები | ||
| 700 |
_aყიფშიძე, მ. _eშემდგენელი _92318 |
||
| 700 |
_aქევხიშვილი, ნ. _eშემდგენელი _92782 |
||
| 700 |
_aლოლაძე, მ. _eშემდგენელი _92783 |
||
| 700 |
_aძიძიგური, მ. _eრედაქტორი _9472 |
||
| 942 |
_cBK _2udc |
||